00927cam a2200253 a 45000010008000000030004000080050017000120080041000290100017000700200040000870350021001270400018001480500017001660820019001831000027002022450071002292600043003003000034003435040063003776500048004407000023004888560088005118560074005993545433OSt20220311101323.0971014s1998 nyua bf 001 0 eng  a 97045506  a0471181811 (hardcover : alk. paper) a(DLC) 97045506 aDLCcDLCdDLC00aRC469b.Ol3 00a616.89/0752211 aOlin, Jason T.,d1964-10aRapid psychological assessment /cJason T. Olin, Carolyn Keatinge. aNew York :bJohn Wiley & Sons,cc1998. axvi, 320 p. :bill. ;c24 cm. aIncludes bibliographical references (299-304) and indexes. 0aPsychodiagnosticsxHandbooks, manuals, etc.1 aKeatinge, Carolyn.423Publisher descriptionuhttp://www.loc.gov/catdir/description/wiley034/97045506.html4 3Table of Contentsuhttp://www.loc.gov/catdir/toc/onix05/97045506.html